[Event "Guernsey Holiday"]
[Site "Guernsey"]
[Date "2010.10.17"]
[Round "1"]
[White "Nalichowski, Bogdan"]
[Black "Hoogakker, Peter"]
[Result "0-1"]
[WhiteElo "1602"]
[BlackElo "1800"]
[PlyCount "37"]
[EventDate "2010.10.17"]
[EventType "swiss"]
[EventRounds "7"]
[SourceDate "2010.11.07"]

1. e4 e5 2. f4 Bc5 3. Bc4 d6 4. Nf3 Nf6 5. fxe5 dxe5 6. Nxe5 Qd4 7. Bxf7+ Ke7
8. Qe2 Qxe5 9. c3 Kxf7 10. d4 Bxd4 11. Qc4+ Be6 12. Qxd4 Qxd4 13. cxd4 Bc4 14.
b3 Ba6 15. Nd2 {(=)} Nxe4 16. Nc4 Re8 17. O-O+ Kg8 18. Rf4 Nc3 19. Kh1 0-1

[Event "Guernsey Holiday"]
[Site "Guernsey"]
[Date "2010.10.17"]
[Round "1"]
[White "Van Hoek, Wim"]
[Black "Collins, Alan"]
[Result "0-1"]
[WhiteElo "1783"]
[BlackElo "1600"]
[PlyCount "77"]
[EventDate "2010.10.17"]
[EventType "swiss"]
[EventRounds "7"]
[SourceDate "2010.11.07"]

1. e4 d5 2. exd5 Qxd5 3. Nc3 Qa5 4. b4 Qxb4 5. Rb1 Qd6 6. Nf3 a6 7. d4 Nf6 8.
Bd3 e6 9. O-O Be7 10. Re1 O-O 11. Rb3 Qd8 12. Ne4 Nbd7 13. c4 c6 14. Ba3 Bxa3
15. Rxa3 Nxe4 16. Bxe4 Nf6 17. Bb1 Qe7 18. Rae3 Ng4 19. R3e2 Qb4 20. Qc2 g6 {
(=)} 21. h3 Nh6 22. g4 Bd7 23. Ng5 b5 24. Ne4 Qe7 25. Qc1 Qh4 26. Qf4 f5 27.
Qg5 Qxh3 28. Re3 Qxg4+ 29. Qxg4 Nxg4 30. Nc5 Nxe3 31. Nxd7 Rfd8 32. Nf6+ Kf7
33. Nxh7 Nxc4 34. Ng5+ Kg8 35. Rxe6 Rd6 36. Re2 Rxd4 37. Kh2 Rh4+ 38. Nh3 Rd8
39. Kg3 0-1

[Event "Guernsey Holiday"]
[Site "Guernsey"]
[Date "2010.10.17"]
[Round "1"]
[White "De Silver, Arthur F"]
[Black "Brooker, Chris H"]
[Result "0-1"]
[WhiteElo "1592"]
[BlackElo "1776"]
[PlyCount "62"]
[EventDate "2010.10.17"]
[EventType "swiss"]
[EventRounds "7"]
[SourceDate "2010.11.07"]

1. e4 d5 2. exd5 Qxd5 3. Nc3 Qd6 4. d4 c6 5. Nf3 Nf6 6. h3 Bf5 7. Be2 e6 8. Nh4
Bg6 9. Nxg6 hxg6 10. Qd3 Be7 11. Be3 Nbd7 12. O-O-O Nb6 13. Bf3 Nbd5 14. Nxd5
Nxd5 15. Bd2 O-O-O 16. Bxd5 Qxd5 17. Kb1 Qxg2 18. Qe3 Qd5 19. Bc3 Bf6 20. Rhe1
Rh4 21. f4 g5 22. Qe4 Rxf4 23. Qxd5 cxd5 24. Re3 Rh8 25. Rh1 Bxd4 26. Bxd4 Rxd4
27. c3 Re4 28. Rg3 g4 29. h4 g6 30. Kc2 Re2+ 31. Kb3 f5 0-1

[Event "Guernsey Holiday"]
[Site "Guernsey"]
[Date "2010.10.17"]
[Round "1"]
[White "Wood, Peter C"]
[Black "Kirk, Matthew"]
[Result "1-0"]
[WhiteElo "1768"]
[BlackElo "1591"]
[PlyCount "79"]
[EventDate "2010.10.17"]
[EventType "swiss"]
[EventRounds "7"]
[SourceDate "2010.11.07"]

1. Nf3 d5 2. d4 Nf6 3. c4 c6 4. Nc3 e6 5. Bf4 Nbd7 6. e3 a6 7. c5 Be7 8. Bd3
O-O 9. Qc2 Re8 10. h3 a5 11. O-O b6 12. cxb6 Nxb6 13. Na4 Nxa4 14. Qxa4 c5 15.
dxc5 Bxc5 16. Rfc1 Bd6 17. Qc6 e5 18. Qxa8 exf4 19. Bb5 Bd7 20. Qxd8 Rxd8 21.
Bxd7 Nxd7 22. exf4 Bxf4 23. Rd1 Ne5 24. Nxe5 Bxe5 25. Rac1 g6 26. Rc5 Bxb2 27.
Rcxd5 Rxd5 28. Rxd5 a4 29. Kf1 h5 30. Ke2 a3 31. Kd3 f6 32. Rd7 g5 33. g4 hxg4
34. hxg4 Kf8 35. Kc2 Ke8 36. Rb7 Bd4 37. f3 Kd8 38. Kb3 Bb2 39. Ra7 Bd4 40.
Rxa3 1-0

[Event "Guernsey Holiday"]
[Site "Guernsey"]
[Date "2010.10.17"]
[Round "1"]
[White "Bakkes, Frits"]
[Black "Glover, John"]
[Result "1-0"]
[WhiteElo "1565"]
[BlackElo "1760"]
[PlyCount "99"]
[EventDate "2010.10.17"]
[EventType "swiss"]
[EventRounds "7"]
[SourceDate "2010.11.07"]

1. e4 d5 2. exd5 Qxd5 3. Nc3 Qd6 4. Nf3 Nf6 5. d4 a6 6. Be2 e6 7. O-O Be7 8.
Re1 O-O 9. Ne5 Nc6 10. Nxc6 Qxc6 11. Bf3 Qd7 12. Ne4 c6 13. Bf4 b6 14. a4 Bb7
15. a5 Nxe4 16. Bxe4 bxa5 17. Rxa5 g6 18. c3 Bd6 19. Bh6 Rfe8 20. h4 Qc7 21. b4
Bh2+ 22. Kh1 Bf4 23. Bxf4 Qxf4 24. g3 Qxf2 25. Rg1 Qe3 26. Qc2 Kg7 27. Raa1 f5
28. Rae1 Qh6 29. Bf3 Re7 30. Re2 Rae8 31. Rh2 Qe3 32. Rf1 h5 33. Re2 Qh6 34.
Re5 Kf6 35. Qe2 g5 36. Qe3 Rh8 37. Re1 Bc8 38. Rxf5+ Kxf5 39. Qe5+ Kg6 40. Be4+
Kf7 41. hxg5 Qg7 42. Rf1+ Kg8 43. Rf6 h4 44. g4 h3 45. Rg6 h2 46. Rxg7+ Rxg7
47. g6 Re7 48. Qf6 Ra7 49. Bxc6 e5 50. Bd5+ 1-0

[Event "Guernsey Holiday"]
[Site "Guernsey"]
[Date "2010.10.17"]
[Round "1"]
[White "Welch, Hazel"]
[Black "Norman, Dinah M"]
[Result "0-1"]
[WhiteElo "1520"]
[BlackElo "1712"]
[PlyCount "94"]
[EventDate "2010.10.17"]
[EventType "swiss"]
[EventRounds "7"]
[SourceDate "2010.11.07"]

1. d4 d5 2. Nf3 Nf6 3. c4 c6 4. g3 e6 5. Bg2 Nbd7 6. O-O Be7 7. Nc3 O-O 8. Bg5
h6 9. Bxf6 Nxf6 10. cxd5 exd5 11. Rc1 Bf5 12. e3 Qb6 13. Qe2 Rfe8 14. a3 Ne4
15. b4 Nxc3 16. Rxc3 a6 17. Rfc1 Bf6 18. Rc5 Rad8 19. Qb2 Be7 20. R5c3 Bd6 21.
Rb3 Be4 22. a4 Rc8 23. Qd2 Qd8 24. Qb2 Qd7 25. Rbc3 g5 26. Ne5 Bxe5 27. dxe5
Bxg2 28. Kxg2 Qf5 29. Qc2 Qxc2 30. R1xc2 Rxe5 31. b5 axb5 32. axb5 Re6 33. Rc5
Rd6 34. Kf3 f5 35. Ke2 Kf7 36. b6 Ra8 37. Rb2 Ke6 38. Rb4 Ra2+ 39. Kf3 Kd7 40.
h3 Re6 41. Rb3 Re8 42. g4 fxg4+ 43. hxg4 Rf8+ 44. Kg3 Rfxf2 45. e4 dxe4 46. Rf5
Rg2+ 47. Kh3 Rh2+ 0-1

[Event "Guernsey Holiday"]
[Site "Guernsey"]
[Date "2010.10.17"]
[Round "1"]
[White "Ruigrok, Jacques"]
[Black "Foster, Paul"]
[Result "1/2-1/2"]
[WhiteElo "1752"]
[BlackElo "1568"]
[PlyCount "55"]
[EventDate "2010.10.17"]
[EventType "swiss"]
[EventRounds "7"]
[SourceDate "2010.11.07"]

1. e4 d5 2. exd5 Qxd5 3. Nc3 Qa5 4. b4 Qe5+ 5. Qe2 Qxe2+ 6. Bxe2 e5 7. a3 Nf6
8. Nb5 Bd6 9. Nxd6+ cxd6 10. Nf3 Bf5 11. d3 Nbd7 12. O-O O-O 13. Bb2 Rac8 14.
Rac1 Nd5 15. Nh4 Be6 16. c4 Nf4 17. Rfe1 Nxe2+ 18. Rxe2 Rc7 19. h3 Rfc8 20. Nf3
Bf5 21. Re3 h5 22. Nd2 b6 23. Ne4 Bxe4 24. Rxe4 f5 25. Ree1 Re8 26. f3 Nf6 27.
f4 e4 28. Bxf6 1/2-1/2

[Event "Guernsey Holiday"]
[Site "Guernsey"]
[Date "2010.10.17"]
[Round "1"]
[White "Roberts, Malcolm A"]
[Black "Goman, Colin R"]
[Result "1-0"]
[WhiteElo "1704"]
[BlackElo "1518"]
[PlyCount "71"]
[EventDate "2010.10.17"]
[EventType "swiss"]
[EventRounds "7"]
[SourceDate "2010.11.07"]

1. e4 d6 2. d4 Nf6 3. Nc3 g6 4. Nf3 Bg7 5. Bc4 O-O 6. O-O c5 7. dxc5 dxc5 8.
Be3 Nbd7 9. h3 e6 10. e5 Nd5 11. Nxd5 exd5 12. Qxd5 Nxe5 13. Bxc5 Nxc4 14. Qxc4
Be6 15. Qb4 Re8 16. Rad1 Qc7 17. b3 b6 18. Bd4 Qxc2 19. Bxg7 Kxg7 20. Rd2 Qc7
21. Qd4+ Kg8 22. Rfd1 Rad8 23. Qh4 Rxd2 24. Rxd2 Qc1+ 25. Kh2 Qc7+ 26. g3 Qc3
27. Qf4 Bf5 28. Nh4 Be6 29. Ng2 Qc8 30. h4 Qc3 31. Qd6 Qf6 32. Nf4 Qf5 33. Nxe6
Rxe6 34. Qd4 Re4 35. Qb2 Qf3 36. Rd8+ 1-0

[Event "Guernsey Holiday"]
[Site "Guernsey"]
[Date "2010.10.17"]
[Round "1"]
[White "Ryan, Robert"]
[Black "Sandijck, Pieter"]
[Result "0-1"]
[WhiteElo "1512"]
[BlackElo "1698"]
[PlyCount "94"]
[EventDate "2010.10.17"]
[EventType "swiss"]
[EventRounds "7"]
[SourceDate "2010.11.07"]

1. e4 e6 2. c4 c5 3. Nf3 Nc6 4. Nc3 d6 5. Be2 Nf6 6. O-O Be7 7. d4 cxd4 8. Nxd4
O-O 9. b3 a6 10. Bb2 Bd7 11. Nf3 Qc7 12. Rc1 Ne5 13. Nxe5 dxe5 14. Qc2 Rfd8 15.
Bf3 Rac8 16. Ne2 b5 17. Qb1 b4 18. Rcd1 Bc6 19. Rxd8+ Rxd8 20. Ng3 Bc5 21. Rd1
Rxd1+ 22. Qxd1 Qd6 23. Qxd6 Bxd6 24. Kf1 Nd7 25. Ke2 Nc5 26. Ke3 a5 27. Bd1 g6
28. f3 f5 29. exf5 exf5 30. Ke2 Ne6 31. Kd2 Nf4 32. Be2 Nxg2 33. c5 Bc7 34.
Bc4+ Kf8 35. Ke2 Nh4 36. a3 Nxf3 37. Nf1 f4 38. a4 g5 39. Bb5 Be4 40. Nd2 Nxd2
41. Kxd2 g4 42. Bc1 h5 43. Bd3 Bd5 44. Bc2 h4 45. Ke2 g3 46. hxg3 fxg3 47. Bg5
h3 0-1

[Event "Guernsey Holiday"]
[Site "Guernsey"]
[Date "2010.10.17"]
[Round "1"]
[White "Haisma, Henk"]
[Black "Rowe, Oliver"]
[Result "1/2-1/2"]
[WhiteElo "1690"]
[BlackElo "1506"]
[PlyCount "96"]
[EventDate "2010.10.17"]
[EventType "swiss"]
[EventRounds "7"]
[SourceDate "2010.11.07"]

1. b4 e5 2. Bb2 Bxb4 3. Bxe5 Nf6 4. e3 Qe7 5. Bb2 d6 6. a3 Ba5 7. Nf3 O-O 8.
Be2 Bf5 9. O-O Nbd7 10. d4 a6 11. c4 c6 12. Qa4 Bc7 13. Nc3 b5 14. cxb5 axb5
15. Qd1 Ne4 16. Nxe4 Bxe4 17. Nd2 Bd5 18. e4 Bc4 19. Nxc4 bxc4 20. Bxc4 Qxe4
21. Re1 Qh4 22. Qf3 d5 23. g3 Qf6 24. Qg4 Nb6 25. Bd3 Rfe8 26. Rxe8+ Rxe8 27.
a4 Ra8 28. a5 Nc8 29. Qd7 Qd8 30. Qxd8+ Bxd8 31. Re1 Nd6 32. a6 g6 33. Rc1 Nc4
34. Bxc4 dxc4 35. Rxc4 Rxa6 36. d5 Bc7 37. dxc6 f5 38. f4 Kf7 39. Be5 Ra7 40.
Bxc7 Rxc7 41. Kf2 Ke6 42. Kf3 Kd5 43. Rc1 Rxc6 44. Rxc6 Kxc6 45. g4 Kd6 46. g5
Ke6 47. Ke3 Kd5 48. Kd3 Kc5 1/2-1/2

[Event "Guernsey Holiday"]
[Site "Guernsey"]
[Date "2010.10.17"]
[Round "1"]
[White "Van Rooijen, Gerardus C"]
[Black "Baart, Edwin"]
[Result "0-1"]
[WhiteElo "1496"]
[BlackElo "1689"]
[PlyCount "118"]
[EventDate "2010.10.17"]
[EventType "swiss"]
[EventRounds "7"]
[SourceDate "2010.11.07"]

1. d4 Nf6 2. c4 e6 3. Nc3 d5 4. Bg5 Be7 5. e3 O-O 6. Nf3 c6 7. cxd5 exd5 8. Bd3
h6 9. Bf4 Bg4 10. h3 Bh5 11. Be2 Nbd7 12. O-O Qb6 13. Qc2 Bb4 14. Na4 Qd8 15.
a3 Ba5 16. b4 Bc7 17. Bxc7 Qxc7 18. Nc3 a6 19. Nh4 Bxe2 20. Qxe2 Qd6 21. Nf5
Qe6 22. Qf3 Kh7 23. Ng3 Rae8 24. Qf5+ g6 25. Qxe6 Rxe6 26. Rfe1 Rfe8 27. a4 Nb6
28. Nge2 Ne4 29. Nxe4 Rxe4 30. b5 axb5 31. axb5 Nc4 32. bxc6 bxc6 33. Nc3 R4e6
34. Re2 g5 35. Rae1 f5 36. Na4 Rb8 37. Nc5 Re7 38. f4 Kg6 39. Nd3 Kf6 40. Nc5
Rb4 41. Kf2 Nd6 42. Kf3 Ne4 43. Nd3 Rb3 44. Ne5 Rc3 45. g3 Rg7 46. fxg5+ Rxg5
47. Rg2 Rg7 48. Rb1 Ng5+ 49. Ke2 Nxh3 50. Kd2 Ra3 51. Rb2 Ng5 52. Nxc6 Ne4+ 53.
Ke2 Nxg3+ 54. Kf3 f4 55. Kxf4 Nh5+ 56. Kf3 Rxg2 57. Rxg2 Ng7 58. Ne5 Nf5 59.
Re2 Nxd4+ 0-1

[Event "Guernsey Holiday"]
[Site "Guernsey"]
[Date "2010.10.17"]
[Round "1"]
[White "Kearsley, Raymond J"]
[Black "Bateman, Kerry"]
[Result "0-1"]
[WhiteElo "1688"]
[BlackElo "1490"]
[PlyCount "66"]
[EventDate "2010.10.17"]
[EventType "swiss"]
[EventRounds "7"]
[SourceDate "2010.11.07"]

1. e4 c5 2. Nc3 Nc6 3. f4 d6 4. Nf3 Bg4 5. Bc4 Bxf3 6. Qxf3 e6 7. d3 a6 8. O-O
Nd4 9. Qf2 g6 10. g4 Ne7 11. Qg2 Rg8 12. Kh1 Qc7 13. a4 O-O-O 14. Be3 Bg7 15.
f5 gxf5 16. exf5 d5 17. f6 dxc4 18. fxg7 Rxg7 19. dxc4 f5 20. g5 h6 21. h4 Rh8
22. Kg1 hxg5 23. hxg5 Rgh7 24. Bf4 Qd8 25. Be5 Rg8 26. Kf2 Nec6 27. Bf6 Qd6 28.
Kg1 Ne5 29. Qg3 Nef3+ 30. Rxf3 Nxf3+ 31. Qxf3 Qh2+ 32. Kf1 Qh1+ 33. Ke2 Rh2+
0-1

[Event "Guernsey Holiday"]
[Site "Guernsey"]
[Date "2010.10.17"]
[Round "1"]
[White "Curry, William"]
[Black "Onwezen, Eric"]
[Result "0-1"]
[WhiteElo "1480"]
[BlackElo "1673"]
[PlyCount "82"]
[EventDate "2010.10.17"]
[EventType "swiss"]
[EventRounds "7"]
[SourceDate "2010.11.07"]

1. d4 d5 2. c4 e5 3. e3 exd4 4. exd4 Nf6 5. Nc3 Be7 6. Bd3 Nc6 7. Nge2 Bg4 8.
O-O O-O 9. f3 dxc4 10. Bxc4 Bf5 11. Be3 Nb4 12. Rc1 c6 13. Ng3 Bg6 14. a3 Nbd5
15. Qd2 Re8 16. Rce1 Qd7 17. Nce4 Rad8 18. Bg5 Nxe4 19. Nxe4 Bxg5 20. Qxg5 Nb6
21. Qc5 Bxe4 22. fxe4 Nxc4 23. Qxc4 Qxd4+ 24. Qxd4 Rxd4 25. Rf4 f6 26. h4 Rd2
27. Rf2 Rxf2 28. Kxf2 Kf7 29. Kf3 Rd8 30. Ke3 Ke6 31. g4 Ke5 32. Rf1 g6 33. h5
Rd4 34. Rf4 Rd3+ 35. Kxd3 Kxf4 36. hxg6 hxg6 37. g5 Kxg5 38. Ke3 Kg4 39. b3 g5
40. a4 Kh3 41. Kf2 g4 0-1

[Event "Guernsey Holiday"]
[Site "Guernsey"]
[Date "2010.10.17"]
[Round "1"]
[White "Le Maitre, Richard"]
[Black "Kershaw, Graham J"]
[Result "0-1"]
[WhiteElo "1440"]
[BlackElo "1664"]
[PlyCount "66"]
[EventDate "2010.10.17"]
[EventType "swiss"]
[EventRounds "7"]
[SourceDate "2010.11.07"]

1. Nf3 e6 2. g3 b6 3. Bg2 Bb7 4. O-O Nf6 5. d3 d5 6. Nbd2 Be7 7. b3 O-O 8. Bb2
Nbd7 9. Rc1 c5 10. Ne5 Qc7 11. Nxd7 Nxd7 12. Nf3 Rfe8 13. Re1 e5 14. Nd2 Rad8
15. e3 d4 16. Bxb7 Qxb7 17. Qf3 Qc7 18. exd4 exd4 19. Ne4 Ne5 20. Qg2 f5 21.
Nd2 Ng4 22. Nf3 Bd6 23. Rxe8+ Rxe8 24. Re1 Re7 25. Bc1 h6 26. Rxe7 Qxe7 27. h3
Nf6 28. Bd2 Qe2 29. Kh2 Kh7 30. Kg1 b5 31. g4 Qd1+ 32. Be1 fxg4 33. hxg4 Bf4
0-1

[Event "Guernsey Holiday"]
[Site "Guernsey"]
[Date "2010.10.17"]
[Round "1"]
[White "Finch, Russell"]
[Black "Kaye, Michael J"]
[Result "1/2-1/2"]
[WhiteElo "1656"]
[BlackElo "1456"]
[PlyCount "48"]
[EventDate "2010.10.17"]
[EventType "swiss"]
[EventRounds "7"]
[SourceDate "2010.11.07"]

1. d4 Nf6 2. Nf3 g6 3. Nc3 Bg7 4. Bf4 d6 5. e3 O-O 6. Be2 Nbd7 7. h3 Nb6 8. Qd2
Nh5 9. Bh2 f5 10. O-O-O Nf6 11. Rdg1 Ne4 12. Nxe4 fxe4 13. Ne1 Rxf2 14. Bc4+
Nxc4 15. Qxf2 d5 16. Rf1 Be6 17. g4 Qd7 18. Ng2 Rf8 19. Qe2 Bf7 20. Rf2 e6 21.
Rhf1 Qe7 22. c3 c6 23. Bg3 Nb6 24. h4 h6 1/2-1/2

[Event "Guernsey Holiday"]
[Site "Guernsey"]
[Date "2010.10.17"]
[Round "1"]
[White "Cox, Marian"]
[Black "Beadle, John"]
[Result "1-0"]
[WhiteElo "1416"]
[BlackElo "1648"]
[PlyCount "58"]
[EventDate "2010.10.17"]
[EventType "swiss"]
[EventRounds "7"]
[SourceDate "2010.11.07"]

1. e4 c5 2. Nf3 d6 3. d4 cxd4 4. Nxd4 Nf6 5. Bd3 g6 6. c3 Bg7 7. Be3 O-O 8. Nd2
Nbd7 9. Qc2 Nc5 10. Be2 Bd7 11. O-O Rc8 12. Bb5 Bxb5 13. Nxb5 a6 14. Nd4 b5 15.
b3 Qd7 16. Rac1 b4 17. c4 Ng4 18. Ne2 f5 19. exf5 Rxf5 20. Bd4 e5 21. Bxc5 dxc5
22. Ne4 Qe7 23. Rcd1 Rcf8 24. h3 Nf6 25. g4 Rf3 26. Ng5 Nxg4 27. Nxf3 Rxf3 28.
hxg4 Qh4 29. Qe4 Bh6 1-0

[Event "Guernsey Holiday"]
[Site "Guernsey"]
[Date "2010.10.17"]
[Round "1"]
[White "Kok, Franciscus"]
[Black "Herschmann, Heinz"]
[Result "0-1"]
[WhiteElo "1666"]
[BlackElo "1480"]
[PlyCount "61"]
[EventDate "2010.10.17"]
[EventType "swiss"]
[EventRounds "7"]
[SourceDate "2010.11.07"]

1. d4 d5 2. e3 e6 3. c4 Nf6 4. a3 a6 5. Nc3 Be7 6. Nf3 O-O 7. Be2 Nc6 8. O-O h6
9. c5 b6 10. b4 b5 11. Nd2 Nh7 12. f4 f5 13. g4 g5 14. gxf5 exf5 15. Bf3 Be6
16. Qb3 Nf6 17. fxg5 hxg5 18. Rf2 Ng4 19. Bxg4 fxg4 20. Rxf8+ Bxf8 21. Nf1 Qd7
22. Ng3 Bf7 23. Bd2 Ne7 24. Rf1 c6 25. e4 Ng6 26. e5 Be7 27. Nh5 Nh4 28. Nf6+
Bxf6 29. Rxf6 Nf3+ 30. Rxf3 gxf3 31. Bxg5 0-1

[Event "Guernsey Holiday"]
[Site "Guernsey"]
[Date "2010.10.17"]
[Round "1"]
[White "Grange, David"]
[Black "Jones, Sid A"]
[Result "1/2-1/2"]
[WhiteElo "1648"]
[BlackElo "1416"]
[PlyCount "62"]
[EventDate "2010.10.17"]
[EventType "swiss"]
[EventRounds "7"]
[SourceDate "2010.11.07"]

1. e4 c5 2. d4 cxd4 3. c3 dxc3 4. Nxc3 e6 5. Bc4 Bc5 6. Nf3 Nc6 7. O-O Nge7 8.
Qe2 O-O 9. Rd1 Ng6 10. a3 a6 11. Bg5 Qc7 12. Rac1 h6 13. Be3 Bxe3 14. Qxe3 Qf4
15. Qe2 Qb8 16. Ba2 Rd8 17. Na4 b5 18. Nc5 Nce5 19. Nxe5 Qxe5 20. g3 Qb8 21.
Qg4 Nf8 22. Qe2 Bb7 23. Nxb7 Qxb7 24. Rd6 Rac8 25. Rcd1 Rc5 26. e5 Rdc8 27. Bb1
Rc1 28. Qe3 Rxd1+ 29. Rxd1 Qb8 30. Be4 Rc7 31. Rd6 Qc8 1/2-1/2

[Event "Guernsey Holiday"]
[Site "Guernsey"]
[Date "2010.10.17"]
[Round "1"]
[White "Bennett, David"]
[Black "Vonhoff, Nils"]
[Result "0-1"]
[WhiteElo "1352"]
[BlackElo "1637"]
[PlyCount "64"]
[EventDate "2010.10.17"]
[EventType "swiss"]
[EventRounds "7"]
[SourceDate "2010.11.07"]

1. Nf3 Nf6 2. d4 g6 3. Bf4 Bg7 4. Nbd2 d6 5. e3 O-O 6. Be2 Nbd7 7. O-O c5 8. c3
Qb6 9. Rb1 a6 10. Nc4 Qd8 11. a3 b5 12. Ncd2 Bb7 13. e4 Nxe4 14. Bd3 Nxd2 15.
Bxd2 Bxf3 16. Qxf3 cxd4 17. c4 Ne5 18. Qe2 bxc4 19. Bxc4 Nxc4 20. Qxc4 d5 21.
Qe2 e5 22. b4 e4 23. Bc1 Qd7 24. Bb2 Rfc8 25. Rfc1 Rxc1+ 26. Bxc1 d3 27. Qe3
Qa4 28. g3 Qc2 29. Bd2 Qxb1+ 30. Kg2 Qd1 31. Kh3 Qf1+ 32. Kg4 Qe2+ 0-1

[Event "Guernsey Holiday"]
[Site "Guernsey"]
[Date "2010.10.17"]
[Round "1"]
[White "Jongerius, Marc"]
[Black "Newrick, William R"]
[Result "1/2-1/2"]
[WhiteElo "1625"]
[BlackElo "1384"]
[PlyCount "80"]
[EventDate "2010.10.17"]
[EventType "swiss"]
[EventRounds "7"]
[SourceDate "2010.11.07"]

1. e4 d5 2. exd5 Nf6 3. Nf3 Nxd5 4. c4 Nf6 5. d4 Bg4 6. Be2 e6 7. Be3 Nc6 8.
O-O Be7 9. Nbd2 O-O 10. Ne5 Bxe2 11. Nxc6 Bxd1 12. Nxd8 Rfxd8 13. Raxd1 c6 14.
f3 h6 15. Ne4 Rd7 16. Rf2 Nxe4 17. fxe4 b6 18. Rfd2 Rad8 19. a3 e5 20. dxe5
Rxd2 21. Rxd2 Rxd2 22. Bxd2 Bc5+ 23. Kf1 Bd4 {(=)} 24. e6 fxe6 25. b3 Kf7 26.
Ke2 e5 27. Kf3 a6 28. h4 b5 29. cxb5 cxb5 30. Bb4 h5 31. g4 g6 32. Bd2 Ke6 33.
gxh5 gxh5 34. Ke2 Bb6 35. Kd3 Bf2 36. Bg5 Kd6 37. a4 Kc6 38. Bf6 Bd4 39. Bg5
Kd7 40. Bf6 Ke6 1/2-1/2

[Event "Guernsey Holiday"]
[Site "Guernsey"]
[Date "2010.10.17"]
[Round "1"]
[White "Brown, Jim"]
[Black "Vonhoff, Joerg"]
[Result "0-1"]
[WhiteElo "1312"]
[BlackElo "1613"]
[PlyCount "69"]
[EventDate "2010.10.17"]
[EventType "swiss"]
[EventRounds "7"]
[SourceDate "2010.11.07"]

1. Nf3 Nf6 2. d4 g6 3. e3 Bg7 4. Be2 O-O 5. O-O b6 6. Nbd2 Bb7 7. b3 d6 8. Bb2
Nfd7 9. Rb1 c5 10. c3 Nc6 11. Re1 Rc8 12. a3 e6 13. h3 Ne7 14. Bd3 e5 15. Be4
d5 16. Bc2 e4 17. Nh2 cxd4 18. exd4 Qc7 19. c4 f5 20. Ndf1 Kh8 21. Ne3 f4 22.
Nxd5 Nxd5 23. cxd5 Qxc2 24. Qc1 Qxb3 25. Qd1 Qxd5 26. Ng4 g5 27. Ne5 Nxe5 28.
dxe5 Qe6 29. Qd6 Rfe8 30. Qxe6 Rxe6 31. Rbd1 Bxe5 32. Bxe5+ Rxe5 33. Rd7 Bd5
34. Rxa7 Ra8 35. Rf7 0-1

[Event "Guernsey Holiday"]
[Site "Guernsey"]
[Date "2010.10.17"]
[Round "1"]
[White "Timmerman, Peter"]
[Black "Cox, Reginald E"]
[Result "1-0"]
[WhiteElo "1606"]
[BlackElo "1304"]
[PlyCount "97"]
[EventDate "2010.10.17"]
[EventType "swiss"]
[EventRounds "7"]
[SourceDate "2010.11.07"]

1. e4 e5 2. Nf3 Nc6 3. d4 exd4 4. Bc4 Be7 5. c3 d6 6. cxd4 Bg4 7. Be3 Nf6 8.
Nbd2 Nxe4 9. Nxe4 d5 10. Bxd5 Qxd5 11. Nc3 Bb4 12. O-O Bxc3 13. bxc3 Bxf3 14.
Qxf3 Qxf3 15. gxf3 O-O 16. Bf4 Rac8 17. Rfe1 Na5 18. Re7 c6 19. Rae1 a6 20.
R1e5 b5 21. Ra7 Ra8 22. Ree7 Nc4 23. h4 h5 24. Bg5 a5 25. Rec7 Rxa7 26. Rxa7
Rc8 27. Kf1 a4 28. Ke2 g6 29. Kd3 Nd6 30. Bf6 Nf5 31. c4 Nd6 32. cxb5 cxb5 33.
Rd7 Nf5 34. Rb7 Nd6 35. Rb6 Ne8 36. Be5 Nc7 37. Rc6 b4 38. Rxc7 Rxc7 39. Bxc7
b3 40. a3 b2 41. Kc2 b1=Q+ 42. Kxb1 Kf8 43. Kc2 Ke7 44. d5 Kd7 45. d6 f6 46.
Kd1 g5 47. Ke1 gxh4 48. Kf1 f5 49. Kg2 1-0

[Event "Guernsey Holiday"]
[Site "Guernsey"]
[Date "2010.10.18"]
[Round "2"]
[White "Hoogakker, Peter"]
[Black "Vonhoff, Nils"]
[Result "1/2-1/2"]
[WhiteElo "1800"]
[BlackElo "1637"]
[PlyCount "65"]
[EventDate "2010.10.17"]
[EventType "swiss"]
[EventRounds "7"]
[SourceDate "2010.11.07"]

1. e4 c5 2. Nf3 Nc6 3. c3 d5 4. exd5 Qxd5 5. d4 Bg4 6. Be2 e6 7. c4 Qd6 8. d5
exd5 9. cxd5 Nb4 10. Nc3 O-O-O 11. O-O Nxd5 12. Qa4 Ngf6 13. Nxd5 Qxd5 14. Qxa7
Bd6 15. Qa8+ Kd7 16. Bb5+ Ke7 17. Re1+ Be6 18. Qa4 Ra8 19. Qh4 h6 20. Bc4 Qc6
21. Bxe6 fxe6 22. Qc4 Bc7 23. Be3 b6 24. Nd4 Qd5 25. Qxd5 Nxd5 26. Nb5 Bb8 27.
Bd2 Re8 28. a3 Ra4 29. Rad1 Kf7 30. Nc3 Rh4 31. g3 Rh5 32. Nxd5 exd5 33. Rxe8
1/2-1/2

[Event "Guernsey Holiday"]
[Site "Guernsey"]
[Date "2010.10.18"]
[Round "2"]
[White "Brooker, Chris H"]
[Black "Timmerman, Peter"]
[Result "0-1"]
[WhiteElo "1776"]
[BlackElo "1606"]
[PlyCount "54"]
[EventDate "2010.10.17"]
[EventType "swiss"]
[EventRounds "7"]
[SourceDate "2010.11.07"]

1. f4 d5 2. e3 g6 3. Nf3 Bg7 4. Be2 Nf6 5. O-O O-O 6. d3 c5 7. Ne5 Nc6 8. Nxc6
bxc6 9. Nd2 e6 10. Nf3 Qc7 11. c4 Bb7 12. Qe1 h6 13. Bd1 a5 14. e4 Nd7 15. f5
exf5 16. exf5 Rae8 17. Qh4 Qd8 18. fxg6 fxg6 19. Qh3 Ne5 20. Nxe5 Rxf1+ 21.
Kxf1 Rxe5 22. Bf3 dxc4 23. Be4 Rxe4 24. dxe4 Qd1+ 25. Kf2 Bd4+ 26. Kg3 Qe1+ 27.
Kf3 Qf2+ 0-1

[Event "Guernsey Holiday"]
[Site "Guernsey"]
[Date "2010.10.18"]
[Round "2"]
[White "Baart, Edwin"]
[Black "Herschmann, Heinz"]
[Result "1/2-1/2"]
[WhiteElo "1689"]
[BlackElo "1480"]
[PlyCount "74"]
[EventDate "2010.10.17"]
[EventType "swiss"]
[EventRounds "7"]
[SourceDate "2010.11.07"]

1. d4 d5 2. c4 e6 3. Nc3 dxc4 4. Nf3 Nf6 5. Bg5 Be7 6. e3 Nd5 7. Bxe7 Qxe7 8.
Bxc4 c6 9. a3 Nd7 10. Rc1 O-O 11. O-O N5f6 12. Qc2 Nb6 13. Bd3 g6 14. Ne4 Nxe4
15. Bxe4 Nd5 16. Ne5 f5 17. Bxd5 exd5 18. f4 Be6 19. Qf2 Rf6 20. Qh4 Qg7 21.
Rf3 Rc8 22. Rg3 Rc7 23. Qg5 Bf7 24. Rh3 h5 25. Rg3 Kf8 26. Qh4 Rd6 27. Rg5 Qf6
28. Qe1 Ke8 29. Qb4 Kd8 30. Qc5 b6 31. Qb4 Be8 32. Qa4 Kc8 33. Qa6+ Kb8 34. b4
Qd8 35. Qd3 Qc8 36. a4 Ka8 37. Rg3 Qb7 1/2-1/2

[Event "Guernsey Holiday"]
[Site "Guernsey"]
[Date "2010.10.18"]
[Round "2"]
[White "Vonhoff, Joerg"]
[Black "Wood, Peter C"]
[Result "1/2-1/2"]
[WhiteElo "1613"]
[BlackElo "1768"]
[PlyCount "62"]
[EventDate "2010.10.17"]
[EventType "swiss"]
[EventRounds "7"]
[SourceDate "2010.11.07"]

1. e4 e6 2. d4 d5 3. Nd2 c5 4. Ngf3 Nc6 5. Bb5 cxd4 6. Nxd4 Bd7 7. Nxc6 Bxc6 8.
Bxc6+ bxc6 9. exd5 cxd5 10. O-O Nf6 11. c4 Be7 12. Qa4+ Qd7 13. Qxd7+ Kxd7 14.
b3 Rhd8 15. cxd5 Nxd5 16. Nc4 Ke8 17. Bb2 Bf6 18. Bxf6 Nxf6 19. Rfd1 Rxd1+ 20.
Rxd1 Nd5 {(=)} 21. a3 Ke7 22. Kf1 Rb8 23. Rd3 Rc8 24. g3 Rc5 25. Ke1 Rc7 26.
Kd2 Rc8 27. Rd4 Rc7 28. Na5 Nb6 29. Rd3 Nd5 30. Rd4 Nb6 31. Rd3 Nd5 1/2-1/2

[Event "Guernsey Holiday"]
[Site "Guernsey"]
[Date "2010.10.18"]
[Round "2"]
[White "Norman, Dinah M"]
[Black "Bakkes, Frits"]
[Result "1/2-1/2"]
[WhiteElo "1712"]
[BlackElo "1565"]
[PlyCount "39"]
[EventDate "2010.10.17"]
[EventType "swiss"]
[EventRounds "7"]
[SourceDate "2010.11.07"]

1. Nf3 d5 2. d4 Nc6 3. Bf4 Nf6 4. h3 e6 5. e3 Bd6 6. c3 O-O 7. Bd3 Re8 8. Nbd2
Bxf4 9. exf4 Bd7 10. Ne5 Ne7 11. O-O a5 12. a4 b6 13. Ndf3 c5 14. Nxd7 Nxd7 15.
Bc2 c4 16. Re1 Nc8 17. Ne5 Nd6 18. Nxd7 Qxd7 19. Qh5 g6 20. Qf3 1/2-1/2